| 000 -LEADER |
| fixed length control field |
00759cam a22002174a 4500 |
| 020 ## - INTERNATIONAL STANDARD BOOK NUMBER |
| ISBN |
0764524453 (pbk.) |
| 040 ## - CATALOGING SOURCE |
| Transcribing agency |
DLC |
| 082 00 - DEWEY DECIMAL CLASSIFICATION NUMBER |
| Classification number |
778 WIL 2003 A088 Or. |
| 100 ## - MAIN ENTRY--AUTHOR NAME |
| Personal name |
Kennedy, Pete |
| 245 10 - TITLE STATEMENT |
| Title |
50 fast Adobe Premiere 6.5 techniques / |
| 246 3# - VARYING FORM OF TITLE |
| Title proper/short title |
Fifty fast Adobe Premiere 6.5 techniques |
| 260 ## - PUBLICATION, DISTRIBUTION, ETC. (IMPRINT) |
| Place of publication |
New York, NY : |
| Name of publisher |
Wiley Pub., |
| Year of publication |
c2003. |
| 300 ## - PHYSICAL DESCRIPTION |
| Number of Pages |
xxv, 323 p. : |
| Other physical details |
ill. (some col.) ; |
| Dimensions |
23 cm. + |
| Accompanying material |
1 CD-ROM (4 3/4 in.) |
| 650 #0 - SUBJECT ADDED ENTRY--TOPICAL TERM |
| Topical Term |
Motion pictures |
| 650 #0 - SUBJECT ADDED ENTRY--TOPICAL TERM |
| Topical Term |
Digital video |
| 700 1# - ADDED ENTRY--PERSONAL NAME |
| Personal name |
Kennedy, Maura. |
| 856 42 - ELECTRONIC LOCATION AND ACCESS |
| Uniform Resource Identifier |
http://www.loc.gov/catdir/bios/wiley045/2002110275.html |
| 856 42 - ELECTRONIC LOCATION AND ACCESS |
| Uniform Resource Identifier |
http://www.loc.gov/catdir/description/wiley039/2002110275.html |
| 856 41 - ELECTRONIC LOCATION AND ACCESS |
| Uniform Resource Identifier |
http://www.loc.gov/catdir/toc/wiley031/2002110275.html |
| 942 ## - ADDED ENTRY ELEMENTS (KOHA) |
| Koha item type |
សៀវភៅភាសាអង់គ្លេស |
| 952 ## - LOCATION AND ITEM INFORMATION (KOHA) |
| Withdrawn status [LOCAL, KOHA] |
0 |